000 00907nas a2200313 4500
001 BR0801122
003 BR-BrBNA
005 20231205111619.0
007 ta
008 230509b bl.|||p| |||| 00| 00por d
040 _aBR-BrBNA
_bpor
_cBiblioteca Nacional de Agricultura
041 _a(Pt)
072 _aL53
100 1 _aFonseca, J.F.
100 1 _aSilva Filho, J.M.
100 1 _aPinto Neto, A.
100 1 _aPalhares, M.S.
100 1 _aRuas, J.R.M.
100 1 _aAlvim, M.T.T.
100 1 _aBelissário, H.
100 1 _aPardini, W.S.
245 1 _aIndução de corpo lúteo acessório em novilhas
650 _aNOVILHO
650 _aHORMÔNIO ANIMAL
650 _aCORPO LÚTEO
773 0 _tRevista Brasileira de Reprodução Animal (Brazil)
_xISSN 0102-0803
_g(Jul-Sep 2000), v. 24(3) p. 143-147
_wBR0801122
909 _a202311
_bLúcia
_c55
_dLúcia Elande
942 _2AGRIS
_n0
_cANA
999 _c193549
_d193549